[Event "9. Forchheimer Sparkassen Open 2010"]
[Site "Forchheim"]
[Date "2010.10.02"]
[Round "2.14"]
[White "Suliga, Eckhard"]
[Black "Pikal, Alexander"]
[Result "0-1"]
[WhiteElo "1848"]
[BlackElo "1876"]
[PlyCount "50"]
[EventDate "2010.??.??"]
[WhiteTeam "SGem Siemens Erlangen e.V."]
[BlackTeam "SC Ansbach 1855 e.V."]

1. e4 {[%emt 0:00:00]} e6 {[%emt 0:00:02]} 2. d4 {[%emt 0:00:02]} d5 {
[%emt 0:00:01]} 3. Nc3 {[%emt 0:00:02]} Nf6 {[%emt 0:00:01]} 4. Bg5 {
[%emt 0:00:03]} Be7 {[%emt 0:00:01]} 5. e5 {[%emt 0:00:02]} Nfd7 {
[%emt 0:00:01]} 6. h4 {[%emt 0:00:02]} a6 {[%emt 0:00:01]} 7. Qg4 {
[%emt 0:00:03]} c5 {[%emt 0:00:01]} 8. Bxe7 {[%emt 0:00:02]} Qxe7 {
[%emt 0:00:01]} 9. Qxg7 {[%emt 0:00:01]} Rf8 {[%emt 0:00:02]} 10. O-O-O {
[%emt 0:00:02]} cxd4 {[%emt 0:00:02]} 11. Nce2 {[%emt 0:00:03]} Nc6 {
[%emt 0:00:02]} 12. f4 {[%emt 0:00:02]} Qc5 {[%emt 0:00:06]} 13. Nf3 {
[%emt 0:00:07]} d3 {[%emt 0:00:01]} 14. Rxd3 {[%emt 0:00:02]} Nb4 {
[%emt 0:00:01]} 15. Rd2 {[%emt 0:00:03]} Nxa2+ {[%emt 0:00:06]} 16. Kb1 {
[%emt 0:00:01]} Nb4 {[%emt 0:00:03]} 17. Qxh7 {[%emt 0:00:01]} Qa5 {
[%emt 0:00:03]} 18. Nc3 {[%emt 0:00:26]} Nc5 {[%emt 0:00:02]} 19. Nd4 {
[%emt 0:00:02]} Ne4 {[%emt 0:00:02]} 20. Nb3 {[%emt 0:00:02]} Nxd2+ {
[%emt 0:00:03]} 21. Nxd2 {[%emt 0:00:02]} Bd7 {[%emt 0:00:03]} 22. Nb3 {
[%emt 0:00:03]} Qb6 {[%emt 0:00:05]} 23. Bd3 {[%emt 0:00:02]} a5 {
[%emt 0:00:02]} 24. Ne2 {[%emt 0:00:02]} a4 {[%emt 0:00:01]} 25. Nbd4 {
[%emt 0:00:02]} a3 {[%emt 0:00:02]} 0-1

[Event "9. Forchheimer Sparkassen Open 2010"]
[Site "Forchheim"]
[Date "2010.10.02"]
[Round "2.15"]
[White "Müller, Roland"]
[Black "Killmann, Martin"]
[Result "0-1"]
[WhiteElo "1661"]
[BlackElo "1766"]
[PlyCount "114"]
[EventDate "2010.??.??"]
[WhiteTeam "SV Lauf a.d.P."]
[BlackTeam "SC Forchheim e.V."]

1. b3 {[%emt 0:00:00]} d5 {[%emt 0:00:02]} 2. Bb2 {[%emt 0:00:02]} Bf5 {
[%emt 0:00:02]} 3. Nf3 {[%emt 0:00:02]} e6 {[%emt 0:00:01]} 4. e3 {
[%emt 0:00:02]} Nf6 {[%emt 0:00:01]} 5. Be2 {[%emt 0:00:02]} Bd6 {
[%emt 0:00:02]} 6. d3 {[%emt 0:00:02]} O-O {[%emt 0:00:01]} 7. O-O {
[%emt 0:00:02]} Nbd7 {[%emt 0:00:01]} 8. Nbd2 {[%emt 0:00:02]} c6 {
[%emt 0:00:01]} 9. Re1 {[%emt 0:00:02]} e5 {[%emt 0:00:01]} 10. Nh4 {
[%emt 0:00:02]} Be6 {[%emt 0:00:01]} 11. c4 {[%emt 0:00:02]} e4 {[%emt 0:00:01]
} 12. Qc2 {[%emt 0:00:02]} Ng4 {[%emt 0:00:05]} 13. g3 {[%emt 0:00:02]} exd3 {
[%emt 0:00:02]} 14. Bxd3 {[%emt 0:00:01]} h6 {[%emt 0:00:03]} 15. Ndf3 {
[%emt 0:00:03]} Nde5 {[%emt 0:00:50]} 16. Nxe5 {[%emt 0:00:01]} Nxe5 {
[%emt 0:00:03]} 17. Be2 {[%emt 0:00:02]} dxc4 {[%emt 0:00:03]} 18. f4 {
[%emt 0:00:05]} Nd3 {[%emt 0:00:01]} 19. Bxd3 {[%emt 0:00:02]} cxd3 {
[%emt 0:00:01]} 20. Qc3 {[%emt 0:00:02]} f6 {[%emt 0:00:02]} 21. Qxd3 {
[%emt 0:00:03]} Bc5 {[%emt 0:00:02]} 22. Qe2 {[%emt 0:00:02]} Re8 {
[%emt 0:00:02]} 23. Rad1 {[%emt 0:00:02]} Qb6 {[%emt 0:00:02]} 24. Bd4 {
[%emt 0:00:02]} Bxd4 {[%emt 0:00:02]} 25. Rxd4 {[%emt 0:00:02]} Rad8 {
[%emt 0:00:03]} 26. Rxd8 {[%emt 0:00:03]} Rxd8 {[%emt 0:00:01]} 27. f5 {
[%emt 0:00:02]} Bd5 {[%emt 0:00:01]} 28. Kf1 {[%emt 0:00:03]} Re8 {
[%emt 0:00:02]} 29. Kf2 {[%emt 0:00:02]} Qa5 {[%emt 0:00:02]} 30. Qh5 {
[%emt 0:00:02]} Re4 {[%emt 0:00:02]} 31. Re2 {[%emt 0:00:02]} Qc5 {
[%emt 0:00:02]} 32. Ng2 {[%emt 0:00:02]} Re5 {[%emt 0:00:03]} 33. Nh4 {
[%emt 0:00:02]} a5 {[%emt 0:00:02]} 34. Ng6 {[%emt 0:00:02]} Bc4 {
[%emt 0:00:10]} 35. Nxe5 {[%emt 0:00:03]} Bxe2 {[%emt 0:00:02]} 36. Qf7+ {
[%emt 0:00:02]} Kh7 {[%emt 0:00:03]} 37. Qg6+ {[%emt 0:00:01]} Kg8 {
[%emt 0:00:02]} 38. Nd7 {[%emt 0:00:03]} Qe7 {[%emt 0:00:04]} 39. Nxf6+ {
[%emt 0:00:02]} Qxf6 {[%emt 0:00:02]} 40. Qxf6 {[%emt 0:00:02]} gxf6 {
[%emt 0:00:01]} 41. Kxe2 {[%emt 0:00:01]} Kf7 {[%emt 0:00:02]} 42. Kf3 {
[%emt 0:00:02]} Ke7 {[%emt 0:00:01]} 43. Kg4 {[%emt 0:00:06]} b5 {
[%emt 0:00:02]} 44. Kh5 {[%emt 0:00:02]} c5 {[%emt 0:00:02]} 45. Kxh6 {
[%emt 0:00:02]} c4 {[%emt 0:00:04]} 46. bxc4 {[%emt 0:00:01]} bxc4 {
[%emt 0:00:01]} 47. Kg6 {[%emt 0:00:15]} c3 {[%emt 0:00:02]} 48. h4 {
[%emt 0:00:01]} c2 {[%emt 0:00:01]} 49. g4 {[%emt 0:00:02]} c1=Q {
[%emt 0:00:03]} 50. g5 {[%emt 0:00:01]} fxg5 {[%emt 0:00:02]} 51. f6+ {
[%emt 0:00:01]} Kf8 {[%emt 0:00:02]} 52. hxg5 {[%emt 0:00:02]} Qxe3 {
[%emt 0:00:02]} 53. Kh6 {[%emt 0:00:02]} Qh3+ {[%emt 0:00:03]} 54. Kg6 {
[%emt 0:00:02]} a4 {[%emt 0:00:02]} 55. f7 {[%emt 0:00:02]} Qe6+ {
[%emt 0:00:02]} 56. Kh5 {[%emt 0:00:02]} Qxf7+ {[%emt 0:00:01]} 57. g6 {
[%emt 0:00:02]} Qxa2 {[%emt 0:00:03]} 0-1

[Event "9. Forchheimer Sparkassen Open 2010"]
[Site "Forchheim"]
[Date "2010.10.02"]
[Round "2.16"]
[White "Körber, Thomas"]
[Black "Winter, Christopher"]
[Result "1-0"]
[WhiteElo "1979"]
[BlackElo "1750"]
[PlyCount "74"]
[EventDate "2010.??.??"]
[WhiteTeam "SF Fürth 1951 e.V."]
[BlackTeam "SV Haunwöhr SAbt"]

1. Nf3 {[%emt 0:00:00]} d5 {[%emt 0:00:02]} 2. g3 {[%emt 0:00:01]} Nf6 {
[%emt 0:00:01]} 3. Bg2 {[%emt 0:00:02]} Nc6 {[%emt 0:00:02]} 4. d4 {
[%emt 0:00:02]} e6 {[%emt 0:00:02]} 5. Nbd2 {[%emt 0:00:02]} Bd6 {
[%emt 0:00:05]} 6. c4 {[%emt 0:00:04]} dxc4 {[%emt 0:00:02]} 7. Nxc4 {
[%emt 0:00:02]} Bb4+ {[%emt 0:00:10]} 8. Bd2 {[%emt 0:00:04]} O-O {
[%emt 0:00:03]} 9. O-O {[%emt 0:00:03]} Bxd2 {[%emt 0:00:03]} 10. Qxd2 {
[%emt 0:00:02]} Bd7 {[%emt 0:00:02]} 11. Nfe5 {[%emt 0:00:06]} Qe8 {
[%emt 0:00:02]} 12. Rac1 {[%emt 0:00:02]} Nd5 {[%emt 0:00:02]} 13. e4 {
[%emt 0:00:04]} Nb6 {[%emt 0:00:03]} 14. Rfd1 {[%emt 0:00:03]} Rd8 {
[%emt 0:00:02]} 15. Qe3 {[%emt 0:00:03]} Nxc4 {[%emt 0:00:03]} 16. Nxc4 {
[%emt 0:00:02]} e5 {[%emt 0:00:02]} 17. d5 {[%emt 0:00:02]} Nd4 {[%emt 0:00:09]
} 18. Nxe5 {[%emt 0:00:06]} Ne2+ {[%emt 0:00:03]} 19. Qxe2 {[%emt 0:00:02]}
Qxe5 {[%emt 0:00:01]} 20. f4 {[%emt 0:00:03]} Qd6 {[%emt 0:00:03]} 21. e5 {
[%emt 0:00:03]} Qb6+ {[%emt 0:00:02]} 22. Qf2 {[%emt 0:00:02]} Qa5 {
[%emt 0:00:02]} 23. a3 {[%emt 0:00:02]} c6 {[%emt 0:00:01]} 24. Qc5 {
[%emt 0:00:02]} Qxc5+ {[%emt 0:00:11]} 25. Rxc5 {[%emt 0:00:02]} b6 {
[%emt 0:00:03]} 26. Rc3 {[%emt 0:00:06]} cxd5 {[%emt 0:00:02]} 27. Bxd5 {
[%emt 0:00:02]} Bf5 {[%emt 0:00:02]} 28. Rc7 {[%emt 0:00:02]} Be6 {
[%emt 0:00:02]} 29. Bf3 {[%emt 0:00:02]} Rxd1+ {[%emt 0:00:05]} 30. Bxd1 {
[%emt 0:00:02]} Rd8 {[%emt 0:00:02]} 31. Bf3 {[%emt 0:00:02]} g6 {
[%emt 0:00:02]} 32. Rxa7 {[%emt 0:00:02]} Rd2 {[%emt 0:00:03]} 33. b4 {
[%emt 0:00:03]} Ra2 {[%emt 0:00:06]} 34. h4 {[%emt 0:00:02]} b5 {[%emt 0:00:03]
} 35. Bc6 {[%emt 0:00:02]} Ra1+ {[%emt 0:00:04]} 36. Kf2 {[%emt 0:00:03]} Ra2+
{[%emt 0:00:15]} 37. Ke3 {[%emt 0:00:05]} Rg2 {[%emt 0:00:02]} 1-0

[Event "9. Forchheimer Sparkassen Open 2010"]
[Site "Forchheim"]
[Date "2010.10.02"]
[Round "2.17"]
[White "Adelhütte, Dennis"]
[Black "Mann, Johannes"]
[Result "1-0"]
[WhiteElo "1942"]
[BlackElo "1794"]
[PlyCount "169"]
[EventDate "2010.??.??"]
[WhiteTeam "SC Erlangen 48/88"]
[BlackTeam "SK Schweinfurt 2000 e.V."]

1. e4 {[%emt 0:00:00]} d6 {[%emt 0:00:02]} 2. d4 {[%emt 0:00:02]} Nf6 {
[%emt 0:00:01]} 3. Nc3 {[%emt 0:00:02]} g6 {[%emt 0:00:01]} 4. Be3 {
[%emt 0:00:02]} Bg7 {[%emt 0:00:01]} 5. Qd2 {[%emt 0:00:02]} O-O {
[%emt 0:00:07]} 6. f3 {[%emt 0:00:11]} e5 {[%emt 0:00:04]} 7. d5 {
[%emt 0:00:04]} Ne8 {[%emt 0:00:02]} 8. h4 {[%emt 0:00:03]} f5 {[%emt 0:00:02]}
9. Bg5 {[%emt 0:00:03]} Bf6 {[%emt 0:00:02]} 10. Bxf6 {[%emt 0:00:02]} Qxf6 {
[%emt 0:00:02]} 11. O-O-O {[%emt 0:00:04]} f4 {[%emt 0:00:01]} 12. Qf2 {
[%emt 0:00:02]} a6 {[%emt 0:00:02]} 13. h5 {[%emt 0:00:02]} g5 {[%emt 0:00:01]}
14. h6 {[%emt 0:00:03]} Kh8 {[%emt 0:00:04]} 15. g4 {[%emt 0:00:03]} Rg8 {
[%emt 0:00:02]} 16. Rh5 {[%emt 0:00:03]} Rg6 {[%emt 0:00:02]} 17. Qh2 {
[%emt 0:00:02]} Qf8 {[%emt 0:00:02]} 18. Nh3 {[%emt 0:00:02]} Qg8 {
[%emt 0:00:01]} 19. Nf2 {[%emt 0:00:07]} Nf6 {[%emt 0:00:01]} 20. Rh3 {
[%emt 0:00:02]} Qf8 {[%emt 0:00:01]} 21. Bc4 {[%emt 0:00:02]} Ng8 {
[%emt 0:00:02]} 22. Rh1 {[%emt 0:00:03]} Nd7 {[%emt 0:00:10]} 23. Nd3 {
[%emt 0:00:03]} Qf7 {[%emt 0:00:01]} 24. Bb3 {[%emt 0:00:02]} Ngf6 {
[%emt 0:00:02]} 25. Na4 {[%emt 0:00:03]} Rg8 {[%emt 0:00:02]} 26. c4 {
[%emt 0:00:06]} Nf8 {[%emt 0:00:02]} 27. Qd2 {[%emt 0:00:02]} b6 {
[%emt 0:00:01]} 28. Nb4 {[%emt 0:00:02]} Bd7 {[%emt 0:00:02]} 29. Nc3 {
[%emt 0:00:02]} Ng6 {[%emt 0:00:02]} 30. Ba4 {[%emt 0:00:02]} Bxa4 {
[%emt 0:00:02]} 31. Nxa4 {[%emt 0:00:01]} Nh4 {[%emt 0:00:03]} 32. Nc6 {
[%emt 0:00:02]} Nd7 {[%emt 0:00:02]} 33. b3 {[%emt 0:00:02]} Nb8 {
[%emt 0:00:07]} 34. Nb4 {[%emt 0:00:05]} Qe8 {[%emt 0:00:03]} 35. Nd3 {
[%emt 0:00:02]} Rg6 {[%emt 0:00:02]} 36. Qc3 {[%emt 0:00:02]} Nd7 {
[%emt 0:00:02]} 37. Nxf4 {[%emt 0:00:18]} gxf4 {[%emt 0:00:02]} 38. Rxh4 {
[%emt 0:00:01]} Nc5 {[%emt 0:00:05]} 39. Nxc5 {[%emt 0:00:03]} bxc5 {
[%emt 0:00:02]} 40. Rh5 {[%emt 0:00:02]} a5 {[%emt 0:00:07]} 41. Rf5 {
[%emt 0:00:07]} a4 {[%emt 0:00:02]} 42. Rxf4 {[%emt 0:00:02]} Kg8 {
[%emt 0:00:10]} 43. Rf5 {[%emt 0:00:02]} axb3 {[%emt 0:00:03]} 44. axb3 {
[%emt 0:00:02]} Ra3 {[%emt 0:00:02]} 45. Kc2 {[%emt 0:00:02]} Qa8 {
[%emt 0:00:02]} 46. g5 {[%emt 0:00:06]} Ra2+ {[%emt 0:00:02]} 47. Kd3 {
[%emt 0:00:10]} Rg2 {[%emt 0:00:01]} 48. Qa1 {[%emt 0:00:06]} Qb8 {
[%emt 0:00:02]} 49. Qa4 {[%emt 0:00:02]} R6xg5 {[%emt 0:00:04]} 50. Rh5 {
[%emt 0:00:03]} Rxh5 {[%emt 0:00:04]} 51. Rxh5 {[%emt 0:00:01]} Rg3 {
[%emt 0:00:02]} 52. Ke2 {[%emt 0:00:02]} Qd8 {[%emt 0:00:01]} 53. Kf2 {
[%emt 0:00:04]} Rg6 {[%emt 0:00:02]} 54. Qc6 {[%emt 0:00:03]} Rxh6 {
[%emt 0:00:06]} 55. Rxh6 {[%emt 0:00:05]} Qg5 {[%emt 0:00:02]} 56. Qe8+ {
[%emt 0:00:03]} Kg7 {[%emt 0:00:02]} 57. Rh5 {[%emt 0:00:02]} Qd2+ {
[%emt 0:00:02]} 58. Kg3 {[%emt 0:00:03]} Qe1+ {[%emt 0:00:03]} 59. Kg4 {
[%emt 0:00:03]} Qg1+ {[%emt 0:00:02]} 60. Kf5 {[%emt 0:00:03]} Qg6+ {
[%emt 0:00:01]} 61. Qxg6+ {[%emt 0:00:07]} hxg6+ {[%emt 0:00:02]} 62. Kg5 {
[%emt 0:00:02]} gxh5 {[%emt 0:00:01]} 63. Kxh5 {[%emt 0:00:02]} Kh7 {
[%emt 0:00:02]} 64. Kg5 {[%emt 0:00:04]} Kg7 {[%emt 0:00:01]} 65. f4 {
[%emt 0:00:02]} exf4 {[%emt 0:00:02]} 66. Kxf4 {[%emt 0:00:02]} Kf6 {
[%emt 0:00:02]} 67. e5+ {[%emt 0:00:03]} dxe5+ {[%emt 0:00:04]} 68. Ke4 {
[%emt 0:00:04]} Kf7 {[%emt 0:00:01]} 69. Kxe5 {[%emt 0:00:00]} Ke7 {
[%emt 0:00:04]} 70. Ke4 {[%emt 0:00:02]} Ke8 {[%emt 0:00:01]} 71. Kd3 {
[%emt 0:00:02]} Kd7 {[%emt 0:00:01]} 72. Kc3 {[%emt 0:00:02]} c6 {
[%emt 0:00:02]} 73. Kd3 {[%emt 0:00:03]} cxd5 {[%emt 0:00:02]} 74. cxd5 {
[%emt 0:00:01]} Ke7 {[%emt 0:00:02]} 75. Ke3 {[%emt 0:00:02]} Kd7 {
[%emt 0:00:04]} 76. Kf4 {[%emt 0:00:03]} Kd6 {[%emt 0:00:02]} 77. Ke4 {
[%emt 0:00:04]} Kd7 {[%emt 0:00:15]} 78. Ke5 {[%emt 0:00:08]} Ke7 {
[%emt 0:00:01]} 79. d6+ {[%emt 0:00:02]} Kd7 {[%emt 0:00:01]} 80. Kd5 {
[%emt 0:00:01]} c4 {[%emt 0:00:01]} 81. bxc4 {[%emt 0:00:02]} Kd8 {
[%emt 0:00:02]} 82. Ke6 {[%emt 0:00:02]} Ke8 {[%emt 0:00:01]} 83. d7+ {
[%emt 0:00:02]} Kd8 {[%emt 0:00:03]} 84. c5 {[%emt 0:00:02]} Kc7 {
[%emt 0:00:01]} 85. Ke7 {[%emt 0:00:01]} 1-0

[Event "9. Forchheimer Sparkassen Open 2010"]
[Site "Forchheim"]
[Date "2010.10.02"]
[Round "2.18"]
[White "Pokorny, Klaus"]
[Black "Myagkov, Kirill"]
[Result "1-0"]
[WhiteElo "1807"]
[BlackElo "1795"]
[PlyCount "47"]
[EventDate "2010.??.??"]
[WhiteTeam "TSV Kirchehrenbach"]
[BlackTeam "SC Noris-Tarrasch Nürnberg 1873"]

1. e4 {[%emt 0:00:00]} e6 {[%emt 0:00:02]} 2. d4 {[%emt 0:00:02]} d5 {
[%emt 0:00:20]} 3. Nd2 {[%emt 0:00:02]} c5 {[%emt 0:00:01]} 4. Ngf3 {
[%emt 0:00:02]} Nc6 {[%emt 0:00:02]} 5. Bb5 {[%emt 0:00:03]} a6 {[%emt 0:00:04]
} 6. exd5 {[%emt 0:00:03]} exd5 {[%emt 0:00:03]} 7. Bxc6+ {[%emt 0:00:02]} bxc6
{[%emt 0:00:02]} 8. O-O {[%emt 0:00:02]} cxd4 {[%emt 0:00:02]} 9. Re1+ {
[%emt 0:00:13]} Be7 {[%emt 0:00:01]} 10. Nxd4 {[%emt 0:00:02]} Qd6 {
[%emt 0:00:02]} 11. c4 {[%emt 0:00:02]} c5 {[%emt 0:00:02]} 12. Ne2 {
[%emt 0:00:02]} d4 {[%emt 0:00:02]} 13. Ne4 {[%emt 0:00:02]} Qc6 {
[%emt 0:00:01]} 14. N2g3 {[%emt 0:00:05]} Be6 {[%emt 0:00:02]} 15. b3 {
[%emt 0:00:11]} h6 {[%emt 0:00:02]} 16. f4 {[%emt 0:00:02]} f5 {[%emt 0:00:02]}
17. Nf2 {[%emt 0:00:03]} Nf6 {[%emt 0:00:02]} 18. Nd3 {[%emt 0:00:03]} Nd7 {
[%emt 0:00:02]} 19. Qh5+ {[%emt 0:00:03]} Bf7 {[%emt 0:00:02]} 20. Qxf5 {
[%emt 0:00:02]} Rf8 {[%emt 0:00:05]} 21. Ne5 {[%emt 0:00:05]} Qc7 {
[%emt 0:00:03]} 22. Nxd7 {[%emt 0:00:03]} Qxd7 {[%emt 0:00:01]} 23. Qxc5 {
[%emt 0:00:02]} Rc8 {[%emt 0:00:02]} 24. Rxe7+ {[%emt 0:00:05]} 1-0

[Event "9. Forchheimer Sparkassen Open 2010"]
[Site "Forchheim"]
[Date "2010.10.02"]
[Round "2.19"]
[White "Hohner, Karl-Heinz"]
[Black "Wabra, Robert"]
[Result "0-1"]
[WhiteElo "1949"]
[BlackElo "1685"]
[PlyCount "88"]
[EventDate "2010.??.??"]
[WhiteTeam "vereinslos"]
[BlackTeam "Thüringer SV Triebes"]

1. e4 {[%emt 0:00:00]} c5 {[%emt 0:00:01]} 2. Nc3 {[%emt 0:00:02]} a6 {
[%emt 0:00:01]} 3. g3 {[%emt 0:00:03]} Nc6 {[%emt 0:00:02]} 4. Bg2 {
[%emt 0:00:02]} g6 {[%emt 0:00:01]} 5. d3 {[%emt 0:00:02]} Bg7 {[%emt 0:00:01]}
6. f4 {[%emt 0:00:02]} d6 {[%emt 0:00:01]} 7. Nf3 {[%emt 0:00:02]} Bg4 {
[%emt 0:00:02]} 8. h3 {[%emt 0:00:02]} Bxf3 {[%emt 0:00:02]} 9. Qxf3 {
[%emt 0:00:02]} Nd4 {[%emt 0:00:01]} 10. Qd1 {[%emt 0:00:02]} Rb8 {
[%emt 0:00:02]} 11. O-O {[%emt 0:00:10]} e6 {[%emt 0:00:01]} 12. Be3 {
[%emt 0:00:02]} Ne7 {[%emt 0:00:02]} 13. Rb1 {[%emt 0:00:02]} O-O {
[%emt 0:00:03]} 14. Ne2 {[%emt 0:00:03]} Nec6 {[%emt 0:00:04]} 15. c3 {
[%emt 0:00:01]} Nxe2+ {[%emt 0:00:01]} 16. Qxe2 {[%emt 0:00:02]} Qd7 {
[%emt 0:00:02]} 17. g4 {[%emt 0:00:00]} f5 {[%emt 0:00:01]} 18. gxf5 {
[%emt 0:00:03]} exf5 {[%emt 0:00:02]} 19. Rbd1 {[%emt 0:00:03]} Rbc8 {
[%emt 0:00:02]} 20. Kh2 {[%emt 0:00:03]} b5 {[%emt 0:00:03]} 21. exf5 {
[%emt 0:00:03]} Rxf5 {[%emt 0:00:02]} 22. Qg4 {[%emt 0:00:02]} Qc7 {
[%emt 0:00:02]} 23. Be4 {[%emt 0:00:02]} Rff8 {[%emt 0:00:02]} 24. Bd5+ {
[%emt 0:00:02]} Kh8 {[%emt 0:00:02]} 25. Kh1 {[%emt 0:00:02]} Rce8 {
[%emt 0:00:02]} 26. Rde1 {[%emt 0:00:02]} Ne7 {[%emt 0:00:02]} 27. Bg2 {
[%emt 0:00:03]} Nf5 {[%emt 0:00:02]} 28. Bd2 {[%emt 0:00:02]} Qf7 {
[%emt 0:00:02]} 29. a3 {[%emt 0:00:02]} d5 {[%emt 0:00:01]} 30. Kh2 {
[%emt 0:00:02]} d4 {[%emt 0:00:02]} 31. Be4 {[%emt 0:00:02]} dxc3 {
[%emt 0:00:01]} 32. bxc3 {[%emt 0:00:02]} Qa2 {[%emt 0:00:03]} 33. Re2 {
[%emt 0:00:03]} Qxa3 {[%emt 0:00:02]} 34. Rfe1 {[%emt 0:00:02]} Bxc3 {
[%emt 0:00:02]} 35. Bxf5 {[%emt 0:00:02]} Rxe2+ {[%emt 0:00:02]} 36. Qxe2 {
[%emt 0:00:03]} gxf5 {[%emt 0:00:02]} 37. Qe7 {[%emt 0:00:05]} Rg8 {
[%emt 0:00:02]} 38. Bxc3+ {[%emt 0:00:03]} Qxc3 {[%emt 0:00:02]} 39. Qe5+ {
[%emt 0:00:02]} Qxe5 {[%emt 0:00:02]} 40. Rxe5 {[%emt 0:00:02]} Rd8 {
[%emt 0:00:03]} 41. Rxf5 {[%emt 0:00:05]} Rxd3 {[%emt 0:00:03]} 42. Rxc5 {
[%emt 0:00:02]} b4 {[%emt 0:00:02]} 43. Rc8+ {[%emt 0:00:02]} Kg7 {
[%emt 0:00:02]} 44. Ra8 {[%emt 0:00:01]} Ra3 {[%emt 0:00:02]} 0-1

[Event "9. Forchheimer Sparkassen Open 2010"]
[Site "Forchheim"]
[Date "2010.10.02"]
[Round "2.20"]
[White "Wissel, Daniel"]
[Black "Hauf, Nicolai"]
[Result "1/2-1/2"]
[WhiteElo "1685"]
[BlackElo "1789"]
[PlyCount "59"]
[EventDate "2010.??.??"]
[WhiteTeam "SF Sailauf"]
[BlackTeam "SK Leutershausen"]

1. e4 {[%emt 0:00:00]} c6 {[%emt 0:00:02]} 2. c4 {[%emt 0:00:02]} d5 {
[%emt 0:00:01]} 3. exd5 {[%emt 0:00:04]} cxd5 {[%emt 0:00:01]} 4. d4 {
[%emt 0:00:02]} Nc6 {[%emt 0:00:01]} 5. Nf3 {[%emt 0:00:02]} Nf6 {
[%emt 0:00:03]} 6. Nc3 {[%emt 0:00:02]} Bg4 {[%emt 0:00:01]} 7. Be3 {
[%emt 0:00:02]} e6 {[%emt 0:00:02]} 8. Be2 {[%emt 0:00:02]} Be7 {[%emt 0:00:02]
} 9. Qb3 {[%emt 0:00:02]} Rb8 {[%emt 0:00:02]} 10. O-O {[%emt 0:00:02]} dxc4 {
[%emt 0:00:02]} 11. Qxc4 {[%emt 0:00:02]} O-O {[%emt 0:00:02]} 12. Rfd1 {
[%emt 0:00:05]} Qa5 {[%emt 0:00:02]} 13. d5 {[%emt 0:00:03]} exd5 {
[%emt 0:00:02]} 14. Nxd5 {[%emt 0:00:02]} Nxd5 {[%emt 0:00:02]} 15. Qxd5 {
[%emt 0:00:02]} Qb4 {[%emt 0:00:02]} 16. Qd2 {[%emt 0:00:01]} Rbd8 {
[%emt 0:00:05]} 17. Qxb4 {[%emt 0:00:03]} Bxb4 {[%emt 0:00:00]} 18. Rxd8 {
[%emt 0:00:05]} Rxd8 {[%emt 0:00:01]} 19. Rd1 {[%emt 0:00:02]} Rxd1+ {
[%emt 0:00:03]} 20. Bxd1 {[%emt 0:00:02]} a6 {[%emt 0:00:02]} 21. h3 {
[%emt 0:00:03]} Be6 {[%emt 0:00:01]} 22. a3 {[%emt 0:00:02]} Bd6 {
[%emt 0:00:02]} 23. Nd4 {[%emt 0:00:02]} Bd5 {[%emt 0:00:02]} 24. Nxc6 {
[%emt 0:00:02]} Bxc6 {[%emt 0:00:01]} 25. Bd4 {[%emt 0:00:02]} Bd5 {
[%emt 0:00:02]} 26. Be2 {[%emt 0:00:02]} f6 {[%emt 0:00:01]} 27. Bd3 {
[%emt 0:00:01]} Kf7 {[%emt 0:00:01]} 28. g3 {[%emt 0:00:02]} g6 {[%emt 0:00:01]
} 29. f4 {[%emt 0:00:01]} f5 {[%emt 0:00:01]} 30. Kf2 {[%emt 0:00:01]} 1/2-1/2